Statistics for Државе на слово И

Click here to take the quiz!

General Stats

  • This quiz has been taken 1 662 times
  • The average score is 7 of 9

Answer Stats

Држава% Correct
Ирска
91%
Ирак
84%
Иран
84%
Индија
81%
Индонезија
81%
Италија
81%
Исланд
79%
Израел
59%
Источни Тимор
50%

Score Distribution

Percentile by Number Answered

Percent of People with Each Score

Your Score History

You have not taken this quiz